000 00586nam a2200241Ia 4500
003 OSt
005 20221005132151.0
006 a|||||r|||| 00| 0
007 ta
008 221004b |||||||| |||| 00| 0 eng d
024 _a52775
037 _cTextual
040 _aCRL
_cCRL
_beng
041 _2eng
_aeng
082 _aY73(P31)(Q), 31L2
100 _aDevaneyan
_9206931
245 0 _aThamizharmatham
260 _c1972
300 _a199p.
_ccm.
650 _aSOCIOLOGY
942 _hY73(P31)(Q), 31L2
_cTEXL
_2cc
999 _c1062624
_d1062624